[Event "3rd ACT"]
[Site "Amsterdam NED"]
[Date "2006.07.22"]
[Round "8"]
[White "Afek,Y"]
[Black "Becker,Mart"]
[Result "1-0"]
[WhiteElo "2316"]
[BlackElo "2335"]

1.e4 c5 2.c3 Nf6 3.e5 Nd5 4.Nf3 Nc6 5.d4 cxd4 6.cxd4 d6 7.Bc4 Nb6 8.Bb5 dxe5
9.Nxe5 Bd7 10.Nxd7 Qxd7 11.O-O g6 12.Nc3 Bg7 13.d5 Bxc3 14.bxc3 Qxd5 15.Qe2 a6
16.c4 Qe6 17.Bxc6+ Qxc6 18.Bb2 f6 19.Rfe1 Nc8 20.Rad1 O-O 21.h4 e5 22.Ba3 Re8
23.h5 Qe6 24.hxg6 hxg6 25.Qe4 f5 26.Qh4 b5 27.Rd5 Qf7 28.Rdxe5 Na7 29.Re7 Nc6
30.Bb2  1-0

[Event "Open"]
[Site "Kiel GER"]
[Date "2006.07.22"]
[Round "1"]
[White "Engelbert,C"]
[Black "Schwerdtfeger,W"]
[Result "1-0"]
[WhiteElo "2237"]
[BlackElo "1849"]

1.e4 c5 2.c3 Nf6 3.e5 Nd5 4.d4 e6 5.Nf3 cxd4 6.cxd4 Bb4+ 7.Bd2 Be7 8.Bd3 Nb4
9.Bxb4 Bxb4+ 10.Nc3 O-O 11.O-O d5 12.Qe2 Bxc3 13.bxc3 a5 14.h4 h6 15.h5 Nc6
16.Bc2 f5 17.exf6 Qxf6 18.Qd3 Bd7 19.Rae1 Be8 20.Qh7+ Kf7 21.Ne5+ Nxe5 22.dxe5 Qg5
23.Bg6+ Ke7 24.Qxg7+ Rf7 25.Qh8 Rf8 26.Qh7+ Rf7 27.Bxf7 Bxf7 28.Re3 Rf8 29.f4 Qxh5
30.Rh3 Qe2 31.Qxh6 Rg8 32.Qh4+ Ke8 33.Qf2 Qe4 34.Rg3 Rh8 35.Qb6 Qc4 36.f5 Rh1+
37.Kxh1 Qxf1+ 38.Kh2 Qxf5 39.Qe3 Qb1 40.Qc5 Qc1 41.Qc8+ Ke7 42.Qxb7+ Ke8
43.Qb8+ Ke7 44.Qa7+ Ke8 45.Qe3 Qa3 46.Rh3 Qf8 47.Qg5 Kd7 48.Rh7 Kc6 49.Qf6  1-0

[Event "Open"]
[Site "Kiel GER"]
[Date "2006.07.22"]
[Round "2"]
[White "Budzyn,M"]
[Black "Lanka,Z"]
[Result "0-1"]
[WhiteElo "2112"]
[BlackElo "2498"]

1.e4 c5 2.c3 Nf6 3.e5 Nd5 4.Nf3 Nc6 5.Bc4 Nb6 6.Bb3 d6 7.d4 cxd4 8.exd6 Qxd6
9.O-O Be6 10.Na3 Bxb3 11.Qxb3 e6 12.Nb5 Qd7 13.Bf4 Nd5 14.Ne5 Nxe5 15.Bxe5 f6
16.Bg3 Bc5 17.cxd4 Be7 18.Rfe1 O-O 19.Nc3 Rfc8 20.Nxd5 exd5 21.Rac1 b5 22.f3 Rc4
23.Qe3 Bb4 24.Rxc4 dxc4 25.Qe6+ Qxe6 26.Rxe6 Rd8 27.a3 Ba5 28.Bd6 c3 29.bxc3 Bxc3
30.d5 a5 31.Bc7 Rxd5 32.Ra6 a4 33.Kf1 Kf7 34.Bd6 Rd1+ 35.Kf2 Rd2+ 36.Ke3 Rxg2
37.Kd3 Be1 38.Ra7+ Ke6 39.Bf8 Rd2+ 40.Ke4 f5+ 41.Kf4 g5+ 42.Kxg5 Rg2+ 43.Kh6 Rxh2+
44.Kg5 Bd2+ 45.f4 Rg2+ 46.Kh6 Bxf4+ 47.Kxh7 Bc1 48.Rb7 Rg3 49.Rxb5 Bxa3 50.Bxa3 Rxa3
51.Kg6 Rg3+ 52.Kh5 a3 53.Ra5 Rf3 54.Kh4 Kd6 55.Kg5 Kc6 56.Kf6 Kb6 57.Ra8 Kb5
58.Ke5 Kc4 59.Ra7 Kb3 60.Rb7+ Kc2 61.Ra7 Kb2 62.Rb7+ Rb3 63.Rh7 a2  0-1

[Event "32nd Open"]
[Site "Sitges ESP"]
[Date "2006.07.22"]
[Round "2"]
[White "Reig Pinol,A"]
[Black "Panelo,M"]
[Result "0-1"]
[WhiteElo "2086"]
[BlackElo "2418"]

1.e4 c5 2.c3 Nf6 3.e5 Nd5 4.d4 cxd4 5.Nf3 Nc6 6.cxd4 d6 7.Be2 Bf5 8.O-O e6
9.Nc3 Nxc3 10.bxc3 dxe5 11.Qa4 Qc7 12.Nxe5 Bd6 13.f4 O-O 14.Nc4 Be7 15.Ne3 Be4
16.f5 Bd6 17.h3 Ne7 18.f6 gxf6 19.Ng4 f5 20.Nf6+ Kg7 21.Nxe4 fxe4 22.Qc2 Nf5
23.Qxe4 Bh2+  0-1

[Event "Open"]
[Site "Kiel GER"]
[Date "2006.07.23"]
[Round "3"]
[White "Schramm,B"]
[Black "Kaufeld,J"]
[Result "0-1"]
[WhiteElo "2123"]
[BlackElo "2287"]

1.e4 c5 2.c3 Nf6 3.e5 Nd5 4.Nf3 Nc6 5.d4 cxd4 6.Bc4 Nb6 7.Bb3 d5 8.exd6 Qxd6
9.Nxd4 Nxd4 10.cxd4 Be6 11.O-O Bxb3 12.Qxb3 e6 13.Nc3 Be7 14.Rd1 Qb4 15.d5 Qxb3
16.axb3 Nxd5 17.Nxd5 exd5 18.Rxd5 Bf6 19.Be3 O-O 20.Rxa7 Rxa7 21.Bxa7 Ra8
22.Ra5 Bd4 23.Bb6 Re8  0-1

[Event "Open"]
[Site "Kiel GER"]
[Date "2006.07.23"]
[Round "4"]
[White "Budzyn,M"]
[Black "Scepanik,H"]
[Result "1-0"]
[WhiteElo "2112"]
[BlackElo "1867"]

1.e4 c5 2.c3 Nf6 3.e5 Nd5 4.Nf3 Nc6 5.Bc4 Nb6 6.Bb3 d5 7.exd6 Qxd6 8.Na3 a6
9.d4 cxd4 10.cxd4 Be6 11.O-O Bd5 12.Be3 e6 13.Ne5 Be7 14.Nac4 Nxc4 15.Nxc4 Bxc4
16.Bxc4 b5 17.Be2 O-O 18.a4 b4 19.Qd3 Bf6 20.Rad1 Rfd8 21.Bf3 Ra7 22.Bxc6 Qxc6
23.Qb3 Rb7 24.Rc1 Qd6 25.Rfd1 h6 26.Qc4 Rbd7 27.b3 Kh7 28.g3 g6 29.Bf4 Qb6
30.Bc7 Rxc7 31.Qxc7 Qxc7 32.Rxc7 Bxd4  1-0

[Event "Czech Open A"]
[Site "Pardubice CZE"]
[Date "2006.07.23"]
[Round "3"]
[White "Blucha,D"]
[Black "Grycel,K"]
[Result "0-1"]
[WhiteElo "2201"]
[BlackElo "2317"]

1.e4 c5 2.c3 Nf6 3.e5 Nd5 4.Nf3 e6 5.d4 cxd4 6.cxd4 d6 7.Nc3 Nxc3 8.bxc3 Qc7
9.Bd2 Nd7 10.exd6 Bxd6 11.Bd3 b6 12.O-O Bb7 13.h3 O-O 14.Qe2 Rac8 15.Rac1 Rfe8
16.Be4 Bc6 17.Bxc6 Qxc6 18.c4 Qa4 19.Be3 Rc7 20.Ng5 h6 21.c5 bxc5 22.Ne4 Bf8
23.Nxc5 Nxc5 24.dxc5 Rec8 25.Rc4 Qa5 26.Qb2 Bxc5 27.Rg4 f5 28.Rg6 Bxe3 29.fxe3 Qd5
30.Rf4 Kh7 31.Rg3 Rb7 32.Qe2 Rc1+ 33.Kh2 Rbb1 34.Rgf3 g5 35.Rd4 Qe5+ 36.g3 Rh1+
37.Kg2  0-1

[Event "Open"]
[Site "Kiel GER"]
[Date "2006.07.24"]
[Round "5"]
[White "Wisnewski,C"]
[Black "Kaufeld,J"]
[Result "1-0"]
[WhiteElo "2417"]
[BlackElo "2287"]

1.e4 c5 2.c3 Nf6 3.e5 Nd5 4.Nf3 Nc6 5.Bc4 Nb6 6.Bb3 d5 7.exd6 Qxd6 8.Na3 Be6
9.d4 cxd4 10.Nb5 Qd7 11.Bxe6 Qxe6+ 12.Be3 Qd7 13.Nbxd4 e6 14.Qe2 Be7 15.Nxc6 bxc6
16.O-O O-O 17.Rfd1 Qc7 18.Bd4 c5 19.Be5 Qc6 20.c4 a5 21.h4 Rfd8 22.h5 h6
23.Bc3 Nd7 24.Rd3 Nf6 25.Ne5 Qe4 26.Re3 Qh4 27.Nc6 Rd7 28.Rd3 Rc7 29.Nxe7+ Rxe7
30.Rg3 Kh8 31.Qe5 Rd7 32.Re1 a4 33.Qxc5 Qxh5 34.Qxh5 Nxh5 35.Rh3 Nf6 36.b4 axb3
37.axb3 Ra3 38.b4 Kh7 39.Bxf6 Rxh3 40.gxh3 gxf6 41.b5 Rd3 42.Rb1  1-0

[Event "Czech Open A"]
[Site "Pardubice CZE"]
[Date "2006.07.24"]
[Round "4"]
[White "Bochkarev,A RUS"]
[Black "Czarnota,P"]
[Result "0-1"]
[WhiteElo "2440"]
[BlackElo "2547"]

1.e4 c5 2.c3 Nf6 3.e5 Nd5 4.d4 cxd4 5.Nf3 e6 6.cxd4 b6 7.Nc3 Nxc3 8.bxc3 Qc7
9.Bd2 d6 10.Bd3 Nd7 11.Ng5 Bb7 12.Qh5 g6 13.Qh3 dxe5 14.O-O Bg7 15.Rae1 Rc8
16.f4 e4 17.Bxe4 Bxe4 18.Rxe4 Nf6 19.Nxe6 fxe6 20.Rxe6+ Kf7 21.f5 Rce8 22.Bg5 Rxe6
23.fxe6+ Ke7 24.Qh4 Rf8 25.Qxh7 Kxe6 26.Qxg6 Qf7 27.Qd3 Kd7 28.Qa6 Kd8 29.h4 Qd7
30.Qc4 Rf7 31.Rf3 Ke8 32.Re3+ Kf8 33.Qd3 Nd5 34.Re4 b5 35.a4 bxa4 36.c4 Nb4
37.Qg3 Kg8 38.d5 Kh7 39.Re6 Qc7 40.Qg4 a3 41.Re8 Rf8 42.Re7 Qxe7 43.Bxe7 a2
44.Qe4+ Kg8  0-1

[Event "Dutch Open"]
[Site "Dieren NED"]
[Date "2006.07.25"]
[Round "1"]
[White "Jonker,F"]
[Black "Hoeksema,E"]
[Result "1/2-1/2"]
[WhiteElo "2141"]
[BlackElo "2373"]

1.e4 c5 2.c3 Nf6 3.e5 Nd5 4.d4 cxd4 5.cxd4 d6 6.Nf3 Nc6 7.Bc4 Nb6 8.Bb3 dxe5
9.d5 Na5 10.Nc3 Nxb3 11.Qxb3 e6 12.Nxe5 Bd6 13.dxe6 Bxe6 14.Qb5+ Kf8 15.Be3 Qc7
16.Nf3 Nc4 17.Bd4 a6 18.Qg5 Rg8 19.O-O h6 20.Qh5 Qa5 21.Qxa5 Nxa5 22.Ne4 Be7
23.Rac1 Nc6 24.a3 Bg4 25.Bc5 Bxf3 26.gxf3 g5 27.Rfd1 Rg6 28.Rd7 Bxc5 29.Rxc5 b6
30.Rf5 Ne7 31.Re5 Nc6 32.Rf5 Ne7 33.Re5  1/2-1/2

[Event "10th Battle of Senta 1697 Open"]
[Site "Senta SCG"]
[Date "2006.07.25"]
[Round "6"]
[White "Savic,Miod1"]
[Black "Vratonjic,S"]
[Result "1-0"]
[WhiteElo "2518"]
[BlackElo "2465"]

1.e4 c5 2.c3 Nf6 3.e5 Nd5 4.Nf3 e6 5.g3 d6 6.exd6 Bxd6 7.Bg2 O-O 8.d4 cxd4
9.Nxd4 Nc6 10.O-O Nxd4 11.Qxd4 Qc7 12.Nd2 Bd7 13.Ne4 Be7 14.c4 Nb6 15.b3 Bc6
16.Bf4 Qc8 17.Rad1 Rd8 18.Qa1 Rxd1 19.Rxd1 Qf8 20.Rd3 Rd8 21.Qd1 Rxd3 22.Qxd3 Qd8
23.Qxd8+ Bxd8 24.Nc5 Nd7 25.Nxd7 Bxd7 26.Bxb7 f6 27.Bb8 Bb6 28.Bd6 Kf7 29.c5  1-0

[Event "Czech Open A"]
[Site "Pardubice CZE"]
[Date "2006.07.26"]
[Round "6"]
[White "Burtasova,A"]
[Black "Lampe,D"]
[Result "0-1"]
[WhiteElo "2311"]
[BlackElo "2222"]

1.e4 c5 2.c3 Nf6 3.e5 Nd5 4.Nf3 e6 5.Bc4 Nc6 6.O-O d6 7.d4 cxd4 8.cxd4 Be7
9.Qe2 O-O 10.Nbd2 Nf4 11.Qe3 Ng6 12.Re1 Nb4 13.Qb3 dxe5 14.dxe5 a5 15.Ne4 Qc7
16.Bg5 Bxg5 17.Nexg5 h6 18.Ne4 Nc6 19.Rad1 a4 20.Qa3 Ngxe5 21.Nxe5 Nxe5 22.Qg3 Qxc4
23.Nf6+ Kh8 24.Qxe5 b6 25.Nh5 Qg4 26.Rd3 Qg5 27.Qe2 Ba6 28.Ng3 Bxd3 29.Qxd3 Rfd8
30.Qf3 Qf6 31.Qe2 Ra5 32.h3 Rad5 33.Ne4 Qf5 34.a3 Rd3 35.Qc2 b5 36.Qe2 Qd5
37.Nc3 Qc4 38.Qh5 b4 39.axb4 a3 40.Qxf7 axb2 41.Rxe6 Rxc3 42.Rxh6+ gxh6 43.Qf6+ Kh7
44.Qf5+ Kg7  0-1

[Event "Dutch Open"]
[Site "Dieren NED"]
[Date "2006.07.28"]
[Round "4"]
[White "Brandenburg,D"]
[Black "Burg,T"]
[Result "0-1"]
[WhiteElo "2392"]
[BlackElo "2268"]

1.e4 c5 2.c3 Nf6 3.e5 Nd5 4.Nf3 e6 5.Bc4 Nb6 6.Bb3 d6 7.d4 cxd4 8.cxd4 dxe5
9.Nxe5 Nc6 10.Nf3 Be7 11.O-O O-O 12.Nc3 Bf6 13.Be3 Nd5 14.Ne4 Be7 15.Qe2 Nf6
16.Nc3 b6 17.Rfd1 Nb4 18.Ne5 Bb7 19.Rac1 Rc8 20.a3 Nbd5 21.Nxd5 Bxd5 22.Bxd5 Qxd5
23.Qa6 Qa8 24.h3 Nd5 25.Qb5 Rfd8 26.Rxc8 Rxc8 27.Rc1 a6 28.Qd7 Rd8 29.Qc6 Qa7
30.Qc2 Rf8 31.Qe4 Qb7 32.Nd3 Rc8 33.Rxc8+ Qxc8 34.Nf4 Nf6 35.Qd3 Bd6 36.Ne2 Nd5
37.Bd2 b5 38.Nc3 Nb6 39.Ne4 Qc6 40.Ng5 g6 41.Ne4 Be7 42.g3 Qd5 43.Bb4 Bd8
44.Ba5 Kg7 45.Nc5 Na4 46.Nxa4 Bxa5 47.Nc5 Bb6 48.b4 Bxc5 49.bxc5 e5 50.c6 exd4
51.c7 Qc5 52.c8=Q Qxc8 53.Qxd4+ Kg8 54.Kh2 Qf8 55.Qc3 Qd6 56.h4 Qb6 57.Qc8+ Kg7
58.Qc3+ Qf6 59.Qc5 h5 60.Kg2 Qe6 61.Qd4+ Kf8 62.Qd8+ Kg7 63.Qd4+ Kh7 64.Qa7 Qf6
65.Qc5 Kg7 66.Kg1 Qb2 67.Kg2 a5 68.g4 hxg4 69.h5 a4 70.hxg6 Kxg6 71.Qc6+ Kg5
72.Qc5+ Kg6 73.Qc6+ Kg7 74.Qd5 Qe2 75.Qg5+ Kf8 76.Qd8+ Qe8 77.Qd6+ Kg7 78.Qd5 f6
79.Qb7+ Kh6 80.Qd5 Qe2 81.Qd6 Qe4+ 82.Kg1 Qf5 83.Qf8+ Kg5 84.Qe7 Qe5 85.Qg7+ Kf4
86.Qh6+ Kf3 87.Qh1+ Ke2 88.Qg2 Qd4 89.Qf1+ Kd2 90.Qxb5 g3 91.Qa5+ Kd1 92.Qh5+ Kc1
93.Qh6+ Kb2 94.Kh1 Qe4+ 95.Kg1 Qe1+ 96.Kg2 Qxf2+  0-1

[Event "Czech Open A"]
[Site "Pardubice CZE"]
[Date "2006.07.28"]
[Round "8"]
[White "Petr,Ja"]
[Black "Kleiman,B"]
[Result "0-1"]
[WhiteElo "2239"]
[BlackElo "2322"]

1.e4 c5 2.c3 Nf6 3.e5 Nd5 4.d4 cxd4 5.Nf3 Nc6 6.Bc4 Nb6 7.Bb3 d5 8.exd6 Qxd6
9.cxd4 Be6 10.Nc3 Bxb3 11.Qxb3 Qb4 12.O-O Qxb3 13.axb3 e6 14.d5 Nxd5 15.Nxd5 exd5
16.Re1+ Be7 17.Rd1 Rd8 18.Be3 a6 19.Bb6 Rd7 20.Nd4 Nxd4 21.Rxd4 O-O 22.Rad1 Rc8
23.g3 Bc5 24.Bxc5 Rxc5 25.Kg2 f6 26.b4 Rb5 27.g4 Kf7 28.h4 Ke6 29.h5 g6 30.hxg6 hxg6
31.Re1+ Kd6 32.Kg3 Re7 33.Rxe7 Kxe7 34.Kf4 Kd6 35.Ke3 Rb6 36.Kd3 g5 37.b3 Ke5
38.Ke3 a5  0-1

[Event "Dutch Open"]
[Site "Dieren NED"]
[Date "2006.07.29"]
[Round "5"]
[White "Kuipers,S"]
[Black "Broekmeulen,Ja"]
[Result "0-1"]
[WhiteElo "2160"]
[BlackElo "2284"]

1.e4 c5 2.c3 Nf6 3.e5 Nd5 4.d4 cxd4 5.Nf3 Nc6 6.Bc4 Nb6 7.Bb3 d5 8.exd6 Qxd6
9.O-O dxc3 10.Nxc3 Qxd1 11.Rxd1 Bd7 12.Be3 e6 13.Nb5 Rc8 14.Nxa7 Nxa7 15.Bxb6 Bc5
16.Bxc5 Rxc5 17.Rac1 Rxc1 18.Rxc1 Nc6 19.Rd1 h6 20.Ba4 Ke7 21.Nd4 Ra8 22.Nxc6+ bxc6
23.b3 e5 24.Rc1 Kd6 25.f3 Ra6 26.Rd1+ Ke7 27.Re1 Ra5 28.Rc1 Ra6 29.Re1 Ra5
30.Rc1 Kd6 31.Kf2 Ra6 32.Rd1+ Kc7 33.Re1 f6 34.f4 c5 35.Bxd7 Rxa2+ 36.Kf3 Kxd7
37.fxe5 Ra3 38.e6+ Ke7 39.Re3 Ra6 40.Rc3 Ra5 41.Re3 Rb5 42.g3 h5 43.h4 Rb7
44.Rc3 Kxe6 45.Kf4 g6 46.Kf3 Re7 47.Rc4 Kd5 48.g4 Re6 49.gxh5 gxh5 50.Rf4 Rb6
51.Rf5+ Kd4 52.Rxh5 Rxb3+ 53.Ke2 Rh3 54.Rf5 Rxh4 55.Rxf6 Kc3 56.Kd1 Rh1+
57.Ke2 c4 58.Rc6 Rc1 59.Rc8 Kb2 60.Rg8 c3 61.Rg7 Rh1 62.Rb7+ Kc1 63.Ra7 Rh2+
64.Kd3 Rh3+ 65.Ke2 c2 66.Rb7 Rh5 67.Rc7 Rh2+ 68.Ke1 Rh1+ 69.Ke2 Kb2 70.Rb7+ Ka3
71.Ra7+ Kb4 72.Rb7+ Ka5  0-1

[Event "XLVIII TCh-POR"]
[Site "Evora POR"]
[Date "2006.07.29"]
[Round "8"]
[White "Khamrakulov,I"]
[Black "Rodriguez Guerrero,E"]
[Result "1-0"]
[WhiteElo "2504"]
[BlackElo "2440"]

1.e4 c5 2.c3 Nf6 3.e5 Nd5 4.Nf3 e6 5.d4 cxd4 6.cxd4 d6 7.Nc3 Nxc3 8.bxc3 Qc7
9.Bd2 Nd7 10.exd6 Bxd6 11.Bd3 b6 12.Ng5 Nf6 13.Ne4 Nxe4 14.Bxe4 Bb7 15.Qa4+ Ke7
16.Bxb7 Qxb7 17.O-O Rhc8 18.f4 f5 19.Rfe1 Qd5 20.Rab1 Rc4 21.Qa6 Kf7 22.Rb5 Qc6
23.Rxe6 Rc8 24.Rxf5+ Kxe6 25.d5+ Kxf5 26.dxc6 R8xc6 27.Qxa7 Kf6 28.Qa8 Kf7
29.g3 Be7 30.Kg2 Bf6 31.Qb7+ Kg8 32.Be3 Rxc3 33.Bxb6 Rc2+ 34.Kh3 R6c4 35.Qd7 Kf8
36.a4 Be7 37.a5 Rc6 38.Bd4 Rh6+ 39.Kg4 Rg6+ 40.Kf3 Rcc6 41.Bxg7+ Kxg7 42.Qxe7+ Kg8
43.f5 Rgd6 44.Ke4 Ra6 45.g4 Rd1 46.Qe8+ Kg7 47.Qe5+ Kh6 48.Kf4 Rd2 49.g5+ Kh5
50.Qe8+  1-0

[Event "15th Open A"]
[Site "Vienna AUT"]
[Date "2006.07.29"]
[Round "1"]
[White "Neubauer,A"]
[Black "Srienz,C"]
[Result "0-1"]
[WhiteElo "2048"]
[BlackElo "2261"]

1.e4 c5 2.c3 Nf6 3.e5 Nd5 4.Bc4 Nb6 5.Bb3 c4 6.Bc2 Nc6 7.Nf3 Qc7 8.Qe2 g5
9.e6 dxe6 10.Nxg5 Qe5 11.d4 cxd3 12.Bxd3 Qxe2+ 13.Bxe2 Bd7 14.Na3 a6 15.Be3 Nd5
16.Bh5 Ne5 17.Bd4 Rg8 18.h4 Nf4 19.Bxe5 Nxh5 20.Nc4 f6 21.Nb6 Rd8 22.Bc7 fxg5
23.O-O-O Nf6 24.Bxd8 Kxd8 25.hxg5 Rxg5 26.Rh4 Ke8 27.Nxd7 Nxd7 28.Rxh7 Rxg2
29.Rd2 Nf6 30.Rh4 Rg4 31.Rh3 Bg7 32.Kc2 Nd5 33.Kb3 Bf6 34.f3 Rf4 35.a4 Nb6
36.Re2 Nxa4 37.Re4  0-1

[Event "Summer Cup"]
[Site "Litohoro GRE"]
[Date "2006.07.30"]
[Round "9"]
[White "Tassopoulos,M"]
[Black "Vragoteris,A"]
[Result "0-1"]
[WhiteElo "2270"]
[BlackElo "2336"]

1.e4 c5 2.c3 Nf6 3.e5 Nd5 4.d4 cxd4 5.Nf3 e6 6.cxd4 d6 7.a3 Bd7 8.Bd3 Bc6
9.O-O Nd7 10.Nbd2 Nf4 11.Bc2 dxe5 12.Nc4 Bb5 13.Nfxe5 Nxe5 14.Nxe5 Qxd4 15.Bxf4 Qxf4
16.a4 Qxe5 17.Re1 Qf6 18.axb5 Bc5 19.Qe2 Rc8 20.Be4 Rc7 21.Rac1 O-O 22.b4 Bb6
23.Rxc7 Bxc7 24.Bxh7+ Kxh7 25.Qc2+ Qf5 26.Qxc7 Qxb5 27.Qf4 Kg8 28.Re5 Rd8
29.h4 Rd5 30.Re3 a6 31.Rg3 g6 32.Kh2 Kg7 33.Qe4 Rh5 34.Qg4 Qe5 35.Qc4 b6
36.Kg1 Qe1+ 37.Qf1 Qxf1+ 38.Kxf1 Rxh4 39.Ra3 Rxb4 40.Rxa6 Rb2 41.Ra7 g5 42.g4 b5
43.Kg2 Kf6 44.Rb7 b4 45.Rb5 Kg6 46.Rb6 b3 47.Kg3 Rb1 48.Kf3 Kf6 49.Rb5 b2
50.Kg2 Ke7 51.Kh2 Kd6 52.Kg2 f5 53.gxf5 exf5 54.Kf3 g4+ 55.Kg2 f4 56.Rb8 f3+  0-1

[Event "MTO Open"]
[Site "Biel SUI"]
[Date "2006.07.31"]
[Round "7"]
[White "Skoberne,J"]
[Black "Klovans,J"]
[Result "1/2-1/2"]
[WhiteElo "2407"]
[BlackElo "2433"]

1.e4 c5 2.c3 Nf6 3.e5 Nd5 4.d4 cxd4 5.Nf3 Nc6 6.cxd4 d6 7.Bc4 Nb6 8.Bb5 dxe5
9.Nxe5 Bd7 10.Nxd7 Qxd7 11.Nc3 e6 12.O-O Be7 13.Qg4 O-O 14.Rd1 Rfd8 15.Bh6 g6
16.h4 Nd5 17.Rac1 Nf6 18.Qh3 Rac8 19.Rd3 a6 20.Bxc6 Rxc6 21.Rcd1 Nd5 22.Ne4 Rc2
23.h5 Rxb2 24.hxg6 fxg6 25.Rf3 Rxa2 26.Re1 Rc2 27.Qg3 Qc7 28.Qg4 Rc6 29.g3 Qd7
30.Kg2 a5 31.Rh1 e5 32.Qxd7 Rxd7 33.dxe5 Re6 34.Rc1 Rc7 35.Rxc7 Nxc7 36.Rc3 Rxe5
37.Rxc7 Rxe4 38.Rxb7 a4 39.Ra7 g5 40.Ra5 g4 41.Ra7 Bf6 42.Kf1 Bb2 43.Be3 Rc4
44.Ke2 a3 45.Kd3 Rc6 46.Ke4 Rf6 47.Bc5 Rf3 48.Be3 h5 49.Bf4 Rxf2 50.Kf5 Bc1
51.Kg6 Bxf4 52.gxf4 Rxf4 53.Ra8+ Rf8 54.Rxa3 h4 55.Kg5  1/2-1/2

[Event "Dutch Open"]
[Site "Dieren NED"]
[Date "2006.07.31"]
[Round "6"]
[White "Tiviakov,S"]
[Black "Nijboer,F"]
[Result "0-1"]
[WhiteElo "2668"]
[BlackElo "2598"]

1.e4 c5 2.c3 Nf6 3.e5 Nd5 4.Nf3 Nc6 5.d4 cxd4 6.cxd4 d6 7.Bc4 Nb6 8.Bb5 dxe5
9.Nxe5 Bd7 10.Nxd7 Qxd7 11.Nc3 e6 12.O-O Be7 13.Qg4 O-O 14.Bxc6 bxc6 15.Bh6 Bf6
16.Rfd1 Kh8 17.Ne4 Qe7 18.Bf4 Rfd8 19.Nxf6 Qxf6 20.Be5 Qg6 21.Qe2 Nd7 22.Bg3 Qf5
23.Rac1 Rdc8 24.Rc3 a5 25.Rf3 Qh5 26.Be5 f6 27.Bg3 Qd5 28.b3 a4 29.b4 a3
30.Re3 Re8 31.Qc2 Rec8 32.Rc3 Kg8 33.Rdd3 Nb6 34.Rc5 Qd7 35.Ra5 Nd5 36.Qd2 Qb7
37.Rb3 Rd8 38.h3 Nc7 39.Bxc7 Qxc7 40.Rbxa3 Rab8 41.Ra7 Rb7 42.Rxb7 Qxb7 43.Qe1 Kf7
44.Qe4 f5 45.Qh4 Qe7 46.Qxh7 Rxd4 47.Qh5+ g6 48.Qh7+ Kf6 49.Qh8+ Qg7 50.Qb8 Qe7
51.Rg3 Qd8 52.Qb7 Qd7 53.Qa8 Kg7 54.Ra3 Rd1+ 55.Kh2 Qc7+ 56.g3 Rd8 57.Qa5 Qd6
58.Rf3 Qd5 59.Qa3 e5 60.Qc3 Rd6 61.Re3 Qd4 62.Qe1 e4 63.Kg2 c5 64.bxc5 Qxc5
65.Rc3 Rd1 66.Qxd1 Qxc3 67.Qb3 Qd2 68.a4 Qa5 69.h4 Qa8 70.Kg1 e3 71.fxe3 Qf3
72.Qc3+ Kh7 73.Qe1 Qg4 74.a5 Qa4 75.Qd2 Qa1+ 76.Kg2 Qa4 77.Kf2 Qa1 78.Qb4 Qa2+
79.Ke1 Qa1+ 80.Kd2 Qa2+ 81.Kc3 Qe2 82.Qe7+ Kh6 83.Qe5 Kh7 84.Kb4 Qa6 85.h5 Qb7+
86.Ka3 Qd7 87.hxg6+ Kxg6 88.Qd4 Qc8 89.Kb3 Kh5 90.Qd6 Qb7+ 91.Kc3 Qe4 92.Qc5 Qb1
93.Kc4 Kg4 94.Qe5 Qa2+ 95.Kb5 Qb3+ 96.Kc6 Qc4+ 97.Kd7 Qa4+  0-1

[Event "15th Open A"]
[Site "Vienna AUT"]
[Date "2006.07.31"]
[Round "3"]
[White "Herndlbauer,M"]
[Black "Kilgus,G"]
[Result "1/2-1/2"]
[WhiteElo "2126"]
[BlackElo "2360"]

1.e4 c5 2.c3 Nf6 3.e5 Nd5 4.d4 cxd4 5.Nf3 e6 6.cxd4 d6 7.exd6 Bxd6 8.Nc3 Nxc3
9.bxc3 Qc7 10.Bd2 Nd7 11.Bd3 b6 12.O-O Bb7 13.Re1 O-O 14.Ne5 Nxe5 15.dxe5 Bxe5
16.Bxh7+ Kxh7 17.Qh5+ Kg8 18.Rxe5 Rfd8 19.Be3 Rd5 20.Rxd5 Bxd5 21.Bd4 f6
22.Re1 e5 23.f4 Qf7  1/2-1/2

[Event "MTO Open"]
[Site "Biel SUI"]
[Date "2006.08.01"]
[Round "8"]
[White "Alekseev,Evgeny"]
[Black "Tseshkovsky,V"]
[Result "1-0"]
[WhiteElo "2644"]
[BlackElo "2576"]

1.e4 c5 2.c3 Nf6 3.e5 Nd5 4.Nf3 Nc6 5.Bc4 Nb6 6.Bb3 c4 7.Bc2 Qc7 8.Qe2 g5
9.h3 Bg7 10.O-O Nxe5 11.Nxg5 h6 12.Ne4 d5 13.Ng3 d4 14.d3 cxd3 15.Bxd3 Nxd3
16.Qxd3 Qc4 17.Qd1 dxc3 18.Nxc3 Be6 19.Re1 Rd8 20.Qf3 Bxc3 21.bxc3 Qd5 22.Qe2 Nc4
23.Nh5 Rg8 24.Nf4 Qc6 25.f3 Rd6 26.Kh1 Kd7 27.Qf2 b6 28.Qh4 Qc5 29.Nxe6 fxe6
30.Bxh6 a5 31.Rad1 Rh8 32.Qg5 Qxg5 33.Bxg5 e5 34.h4 Nb2 35.Rxd6+ exd6 36.g4 Na4
37.Rc1 Nc5 38.h5 e4 39.Rf1 exf3 40.Rxf3 Ne4 41.Be3 Rc8 42.h6 Rxc3 43.h7 Rc8
44.g5  1-0

[Event "Dutch Open"]
[Site "Dieren NED"]
[Date "2006.08.02"]
[Round "8"]
[White "De Kleuver,E"]
[Black "Van Assendelft,F"]
[Result "0-1"]
[WhiteElo "2151"]
[BlackElo "2243"]

1.e4 c5 2.c3 Nf6 3.e5 Nd5 4.d4 cxd4 5.Nf3 Nc6 6.Bc4 Nb6 7.Bb3 g6 8.Ng5 d5
9.exd6 e6 10.cxd4 Bxd6 11.Be3 Nd5 12.Qf3 O-O 13.Ne4 Be7 14.Nbc3 Nxe3 15.fxe3 Na5
16.O-O Nxb3 17.axb3 Bd7 18.Nf6+ Bxf6 19.Qxf6 Qxf6 20.Rxf6 Bc6 21.b4 a6 22.Ra5 Rfd8
23.Rf1 Rac8 24.Rfa1 f6 25.b5 axb5 26.Nxb5 b6 27.Ra6 Bxb5 28.Rxb6 Bc6 29.Ra7 f5
30.Re7 Bd5 31.Ra6 Ra8 32.Rb6 Rdb8 33.Rxb8+ Rxb8  0-1

[Event "Dutch Open"]
[Site "Dieren NED"]
[Date "2006.08.02"]
[Round "8"]
[White "Jonker,F"]
[Black "Broekmeulen,Ja"]
[Result "1/2-1/2"]
[WhiteElo "2141"]
[BlackElo "2284"]

1.e4 c5 2.c3 Nf6 3.e5 Nd5 4.d4 cxd4 5.Nf3 e6 6.cxd4 d6 7.Nc3 Nxc3 8.bxc3 Qc7
9.Bd2 Nd7 10.exd6 Bxd6 11.Bd3 O-O 12.O-O b6 13.Re1 Bb7 14.h3 g6 15.c4 e5
16.d5 Nc5 17.Bc3 Nxd3 18.Qxd3 f6 19.Rac1 Rac8 20.Bb2 Ba6 21.Nd2 Bb4 22.Ba3 Bxd2
23.Qxd2 Rfd8 24.c5 Qf7 25.d6 bxc5 26.Rxc5 Rxc5 27.Bxc5 Bc4 28.a3 a6 29.Bb6 Rd7
30.Bc7 Qd5 31.Qxd5+ Bxd5 32.Rb1 Kf7 33.Kf1 Bc6 34.g3 Bb5+ 35.Ke1 Ke6 36.Kd2  1/2-1/2

[Event "15th Open A"]
[Site "Vienna AUT"]
[Date "2006.08.02"]
[Round "5"]
[White "Ganaus,H"]
[Black "Kunin,V"]
[Result "0-1"]
[WhiteElo "2318"]
[BlackElo "2494"]

1.e4 c5 2.c3 Nf6 3.e5 Nd5 4.d4 cxd4 5.Nf3 e6 6.cxd4 b6 7.Nc3 Nxc3 8.bxc3 Qc7
9.Bd2 d6 10.Bd3 Nd7 11.O-O Bb7 12.Re1 dxe5 13.dxe5 h6 14.Nd4 a6 15.Qh5 Nc5
16.Bc2 g6 17.Qe2 Bg7 18.a4 Rd8 19.h4 Rd5 20.f4 h5 21.Qf2 Bf8 22.Kh2 Be7 23.g3 Rd7
24.Re3 Bd5 25.Qe2 Qd8 26.Be1 Ba8 27.Rb1 Rg8 28.Rb2 Qc7 29.Bf2 Qb7 30.Qf1 Bd8
31.Re1 Qc8 32.Rb4 Kf8 33.Qe2 Bd5 34.Qe3 Bc7 35.Reb1 Ba8 36.Rg1 Bd8 37.Rbb1 Nb7
38.Nf3 Na5 39.Rbd1 Kg7 40.Rxd7 Qxd7 41.Ng5 Nc4 42.Qd4 Qxd4 43.Bxd4 Bxg5 44.hxg5 Nd2
45.Rd1 Nf3+ 46.Kh3 Rc8 47.Bxb6 Rxc3 48.Bd3 Rb3 49.a5 Rb2 50.Bg1 Rd2  0-1

[Event "15th Open A"]
[Site "Vienna AUT"]
[Date "2006.08.03"]
[Round "6"]
[White "Robitsch,H"]
[Black "Lenz,A"]
[Result "0-1"]
[WhiteElo "2071"]
[BlackElo "2196"]

1.e4 c5 2.c3 Nf6 3.e5 Nd5 4.Nf3 e6 5.d4 cxd4 6.cxd4 d6 7.Be2 Be7 8.O-O O-O
9.Nc3 Nxc3 10.bxc3 Qc7 11.Ba3 b6 12.exd6 Bxd6 13.Bxd6 Qxd6 14.Ng5 h6 15.Bf3 Nc6
16.Ne4 Qc7 17.Rc1 Ba6 18.Re1 Rac8 19.g4 Rfd8 20.Qa4 Na5 21.Qd1 Bc4 22.g5 hxg5
23.Nxg5 Qf4 24.Re5 f6 25.Nh3 Qh6 26.Rh5 Qg6+ 27.Kh1 Qd3 28.Qxd3 Bxd3 29.Nf4 Rxd4
30.Nxe6 Rd6 31.Nf4 g5 32.Rg1 Bc2 33.h4 Rxc3 34.Be2 Rd4 35.hxg5 Rxf4 36.gxf6+ Kf7
37.Rh6 Be4+ 38.Kh2 Rxf2+  0-1

[Event "17th Jozef Kochan Mem"]
[Site "Koszalin POL"]
[Date "2006.08.05"]
[Round "2"]
[White "Piorun,K"]
[Black "Mickiewicz,P"]
[Result "1-0"]
[WhiteElo "2126"]
[BlackElo "2380"]

1.e4 c5 2.c3 Nf6 3.e5 Nd5 4.g3 d6 5.exd6 Qxd6 6.Bg2 Bf5 7.d4 Nc6 8.Ne2 cxd4
9.Nxd4 Nxd4 10.Qxd4 Qe6+ 11.Be3 Nxe3 12.fxe3 Qa6 13.Na3 Rd8 14.Bf1 Qa5 15.Bb5+ Bd7
16.Qe5 Bxb5 17.Nxb5 Qb6 18.Nc7+ Kd7 19.O-O-O+ Kc8 20.Rxd8+ Kxd8 21.Rd1+ Kc8
22.Na8 Qc6 23.Qa5  1-0

[Event "San Agustin Open"]
[Site "Aviles ESP"]
[Date "2006.08.06"]
[Round "2"]
[White "De Arriba Gonzalez,H"]
[Black "Tulay,B"]
[Result "0-1"]
[WhiteElo "1982"]
[BlackElo "2152"]

1.e4 c5 2.c3 Nf6 3.e5 Nd5 4.d4 cxd4 5.cxd4 e6 6.Nc3 Nxc3 7.bxc3 d6 8.Nf3 Bd7
9.Bd3 Bc6 10.Bf4 Qc7 11.O-O Nd7 12.exd6 Bxd6 13.Bxd6 Qxd6 14.Re1 Rc8 15.Ne5 Nxe5
16.Rxe5 Kf8 17.Qg4 Qa3 18.Rc5 b6 19.Rc4 h5 20.Qh3 Bd7 21.Rxc8+ Bxc8 22.Bb5 Qb2
23.Rd1 Qxb5 24.Qf3 Qd5 25.Qxd5 exd5 26.Re1 Be6  0-1

[Event "93rd ch-GBR"]
[Site "Swansea WLS"]
[Date "2006.08.07"]
[Round "1"]
[White "Surtees,M"]
[Black "Lalic,B"]
[Result "0-1"]
[WhiteElo "2182"]
[BlackElo "2488"]

1.e4 c5 2.c3 Nf6 3.d3 Nc6 4.f4 d6 5.Nf3 g6 6.Na3 Bg7 7.h3 e5 8.fxe5 dxe5
9.Be3 b6 10.g4 O-O 11.Qc2 Be6 12.Ng5 Bd7 13.Nc4 Qe7 14.a4 Ne8 15.Qg2 Nd6
16.Nxd6 Qxd6 17.h4 h6 18.Nf3 Na5 19.Nd2 Be6 20.Be2 Rac8 21.g5 h5 22.O-O c4
23.dxc4 Nxc4 24.Nxc4 Bxc4 25.Rfd1 Qe6 26.a5 bxa5 27.Bxc4 Rxc4 28.Rxa5 Qc6
29.Rdd5 a6 30.Rac5 Rxc5 31.Rxc5 Qa4 32.Rd5 Rb8 33.Bc1 a5 34.Qe2 Qa2 35.Qd3 a4
36.Rd8+ Rxd8 37.Qxd8+ Bf8 38.Qd3 Qa1 39.Qc2 a3 40.b4 a2 41.Qb2 Qb1  0-1